000 00478nam a22001812 4500
001 0000002885
005 20151217151907.0
008 070420s xx 000 0 eng d
040 _aKABU
_cKABU
050 0 _aPS3566
_b.E77T58
100 1 _aPetry, Ann.
_@0000152392
245 1 0 _aTituba of Salem village.
260 _aNew York :
_bThomas Y. Crowell,
_c1964.
300 _a254 p.
908 _a070420
950 _@1
999 _c6081
_d6081